000 00688cam a2200145 4500500
005 20251012031723.0
041 _afre
042 _adc
100 1 0 _aFaguer, Nicolas
_eauthor
245 0 0 _aGuillaume Giroul, Péguy : théologien de la communion des saints, master de théologie à finalité approfondie, Université catholique de Louvain, promoteur : Benoît Bourgine, lecteurs : Éric Gaziaux et Benoît Lobet, 2024
260 _c2025.
500 _a59
786 0 _nBulletin de l’Amitié Charles Péguy | 183-184 | 3 | 2025-02-21 | p. 445-447 | 0180-8567
856 4 1 _uhttps://shs.cairn.info/bulletin-de-l-amitie-charles-peguy-2024-3-page-445?lang=fr&redirect-ssocas=7080
999 _c1546321
_d1546321